Państwa Oceanii bez podpowiedzi - Statystyki

Ogólne statystyki
  • Ten quiz został rozwiązany 229 razy
  • Średni wynik to 13 z 14
Statystyki odpowiedzi
Państwa % Poprawnych
Australia
98%
Nowa Zelandia
97%
Fidżi
93%
Wyspy Marshalla
93%
Wyspy Salomona
92%
Kiribati
91%
Papua Nowa Gwinea
90%
Mikronezja
89%
Palau
89%
Vanuatu
89%
Tuvalu
88%
Samoa
87%
Tonga
87%
Nauru
86%
Nie znaleziono quizów pasujących do podanych kryteriów
Rozkład punktacji
Procent ludzi z każdym wynikiem
Percentyl według liczby udzielonych odpowiedzi
Twoja historia wyników
Nie rozwiązałeś tego quizu